| 000 | 00506nam a2200169Ia 4500 | ||
|---|---|---|---|
| 003 | OSt | ||
| 005 | 20241016105353.0 | ||
| 008 | 230312s9999||||xx |||||||||||||| ||und|| | ||
| 020 | _a0-683-30742-8 | ||
| 040 | _aABC | ||
| 082 |
_a618.9212 _bALL-H |
||
| 245 | 0 |
_aMoss and Adam's Heart Disease in Infants,Children,and Adolescents-II : _bincluding the Fetus and Youing Adult / _cEdited by Allen.Hugh.D |
|
| 260 |
_bLippincot ; _aUK : _c2001 . |
||
| 300 | _a700 | ||
| 650 |
_aMedical _vPediatrics |
||
| 942 |
_cBK _2ddc |
||
| 999 |
_c4869 _d4869 |
||